[Event "EUCup Gr"]
[Site "Pula"]
[Date "1994.??.??"]
[Round "2"]
[White "Timoshenko, Georgy"]
[Black "Dizdar, Goran"]
[Result "1/2-1/2"]
[WhiteElo "2520"]
[BlackElo "2500"]

1.e4 e6 2.d4 d5 3.Nc3 Nf6 4.e5 Nfd7 5.f4 c5 6.Nf3 Nc6 7.Be3 a6 8.Qd2 cxd4
9.Nxd4 Bc5 10.O-O-O O-O 11.Kb1 Nxd4 12.Bxd4 b5 13.Qe3 Qb6 14.Bxc5 Nxc5 15.Ne2 b4
16.g4 a5 17.Bg2 Na4 18.Qxb6 Nxb6 19.b3 Bd7 20.Rhe1 Rac8 21.Nd4 Rc5 22.Rd2 Nc8
23.f5 Ne7 24.Rf2 Nc6 25.Nxc6 Bxc6 26.Bf1 Rc8 27.Ba6 Ra8 28.Bd3 Bb5 29.Bxb5 Rxb5
30.Kb2 Rc8 31.Ra1 d4 32.fxe6 fxe6 33.Rd1 Rd8 34.Re2 Kf7 35.a3 Rbd5  1/2-1/2

[Event "ROM-chT"]
[Site "ROM"]
[Date "1994.??.??"]
[Round "?"]
[White "Tomescu, Vlad"]
[Black "Manole, Vasile"]
[Result "1-0"]
[WhiteElo "2340"]
[BlackElo "2280"]

1.e4 e6 2.d4 d5 3.Nc3 Nf6 4.e5 Nfd7 5.f4 c5 6.Nf3 Nc6 7.Be3 Qb6 8.Na4 Qa5+
9.c3 c4 10.b4 Qc7 11.Be2 Be7 12.O-O b5 13.Nc5 a5 14.a3 Nxc5 15.dxc5 O-O 16.Qd2 Bd7
17.Rfd1 f6 18.Nd4 Rab8 19.exf6 Bxf6 20.Rf1 Bxd4 21.Bxd4 Rbe8 22.Rae1 axb4
23.axb4 e5 24.fxe5 Rxf1+ 25.Bxf1 Be6 26.g3 Ra8 27.Bg2 h6 28.h4 Qa7 29.Be3 Qd7
30.Rd1 Ne7 31.Kh2 Rd8 32.Qa2 Nc6 33.Qa6 Nxe5 34.Bd4 Nc6 35.Qxb5 Qc7 36.Qb6 Qc8
37.b5 Ne5 38.Qxe6+ Qxe6 39.Bxd5 Nf3+ 40.Kh1  1-0

[Event "Sarospatak op"]
[Site "Sarospatak"]
[Date "1994.??.??"]
[Round "?"]
[White "Videki, Sandor"]
[Black "Somlai, Laszlo"]
[Result "1/2-1/2"]
[WhiteElo "2405"]
[BlackElo "2360"]

1.e4 e6 2.d4 d5 3.Nc3 Nf6 4.e5 Nfd7 5.f4 c5 6.Nf3 Nc6 7.Be3 a6 8.Qd2 b5 9.O-O-O Qb6
10.dxc5 Bxc5 11.Nd4 Bb7 12.h4 h5 13.Rh3 O-O-O 14.Kb1 g6 15.a3 Kb8 16.Nxc6+ Bxc6
17.Bxc5 Nxc5 18.Qd4 Kb7 19.Be2 Ne4 20.Nxe4 dxe4 21.Qxb6+ Kxb6 22.Rxd8 Rxd8
23.Re3 Kc5 24.Rc3+ Kb6 25.b4 Rd2 26.Re3 a5 27.Kc1 Rd7 28.c3 Bd5 29.Bd1 Rc7
30.Kb2 Rd7 31.Bc2 Rd8 32.g3 Rd7 33.Kc1 Rc7 34.Kb2  1/2-1/2

[Event "Schwaebisch Gmuend op"]
[Site "Schwaebisch Gmuend"]
[Date "1994.??.??"]
[Round "3"]
[White "Golubev, Mihail"]
[Black "Roth, Josef"]
[Result "1/2-1/2"]
[WhiteElo "2560"]
[BlackElo "2190"]

1.e4 e6 2.d4 d5 3.Nc3 Nf6 4.e5 Nfd7 5.Nce2 c5 6.c3 Nc6 7.f4 cxd4 8.cxd4 Bb4+
9.Bd2 Qb6 10.Nf3 O-O 11.Bxb4 Qxb4+ 12.Qd2 Nb6 13.Nc3 Bd7 14.Nb5 Nc4 15.Bxc4 Qxc4
16.Nd6 Qa6 17.b4 Ne7 18.a4 Rab8 19.b5 Qb6 20.O-O Nc8 21.Qb4 Nxd6 22.exd6 Rfd8
23.Ne5 Be8 24.d7 Bxd7 25.a5 Qxb5 26.Qe7 Be8 27.Ra3 Qb2 28.Rd3 Rdc8  1/2-1/2

[Event "Schwaebisch Gmuend op"]
[Site "Schwaebisch Gmuend"]
[Date "1994.??.??"]
[Round "8"]
[White "Werner, Bernd Michael"]
[Black "Kacheishvili, Giorgi"]
[Result "0-1"]
[WhiteElo "2220"]
[BlackElo "2425"]

1.e4 e6 2.d4 d5 3.Nc3 Nf6 4.e5 Nfd7 5.f4 c5 6.Nf3 Nc6 7.Be3 a6 8.Qd2 b5 9.dxc5 Bxc5
10.Ne2 Qb6 11.Ned4 b4 12.Bf2 Bb7 13.c3 a5 14.Nb5 Bxf2+ 15.Qxf2 Qxf2+ 16.Kxf2 Ke7
17.c4 Nb6 18.Nc7 Rad8 19.cxd5 Nxd5 20.Nxd5+ Rxd5 21.Bc4 Rc5 22.b3 a4 23.Rac1 Rc8
24.Ng5 Na5 25.Rhd1 Nxc4 26.bxc4 Rxc4  0-1

[Event "Wch U26"]
[Site "Sofia"]
[Date "1994.??.??"]
[Round "2"]
[White "Abdullaeva, U."]
[Black "Dojkova, Galina"]
[Result "0-1"]
[WhiteElo "2090"]
[BlackElo "2215"]

1.e4 e6 2.d4 d5 3.Nc3 Nf6 4.e5 Nfd7 5.f4 c5 6.Nf3 Nc6 7.Be3 cxd4 8.Nxd4 Bc5
9.Qd2 O-O 10.O-O-O a6 11.g4 Bxd4 12.Bxd4 b5 13.Bg2 Qa5 14.Kb1 Bb7 15.h4 Nxd4
16.Qxd4 b4 17.Ne2 Qc5 18.Qxc5 Nxc5 19.Nd4 Ne4 20.Rhe1 Nf2 21.Rd2 Nxg4 22.f5 Rae8
23.fxe6 fxe6 24.Bh3 Rf4 25.h5 Bc8 26.c3 bxc3 27.bxc3 Nh6 28.Rb2 Rh4 29.Re3 Rxh5
30.Rb8 Nf5 31.Nxf5 exf5 32.Bg2 f4 33.Bxd5+ Kf8  0-1

[Event "Wch U26"]
[Site "Sofia"]
[Date "1994.??.??"]
[Round "7"]
[White "Abdullaeva, U."]
[Black "Stangl, Anita"]
[Result "0-1"]
[WhiteElo "2090"]
[BlackElo "2130"]

1.e4 e6 2.d4 d5 3.Nc3 Nf6 4.e5 Nfd7 5.f4 c5 6.Nf3 Nc6 7.Be3 Qb6 8.Na4 Qa5+
9.c3 cxd4 10.b4 Nxb4 11.cxb4 Bxb4+ 12.Bd2 Bxd2+ 13.Nxd2 b5 14.Nb2 Qc3 15.Nd3 Nb6
16.Kf2 O-O 17.g3 f6 18.Nf3 Nc4 19.Be2 fxe5 20.Ndxe5 g5 21.Nd3 e5 22.Ndxe5 Qe3+
23.Kg2 g4 24.Re1 Qc3 25.Qxd4 gxf3+ 26.Nxf3 Qxd4 27.Nxd4 b4 28.Bf3 Nb6 29.Nc6 a5
30.Ne7+ Kh8 31.Nxd5 Nxd5 32.Bxd5 Ra7 33.Re5 Rd8 34.Rae1 Rxd5 35.Rxd5 Bb7
36.Re8+ Kg7 37.Re7+ Kf6 38.Rxb7 Rxb7 39.Rxa5 b3 40.axb3 Rxb3 41.g4 Kg6 42.Ra6+ Kg7
43.g5 Kf7 44.h4 Kg7 45.h5 Kf7 46.Ra7+ Kg8 47.h6  0-1

[Event "Solin"]
[Site "Solin"]
[Date "1994.??.??"]
[Round "4"]
[White "Ljubicic, Filip"]
[Black "Dizdar, Goran"]
[Result "0-1"]
[WhiteElo "2335"]
[BlackElo "2500"]

1.e4 e6 2.d4 d5 3.Nc3 Nf6 4.e5 Nfd7 5.f4 c5 6.Nf3 Nc6 7.Be3 a6 8.Qd2 cxd4
9.Nxd4 Bc5 10.O-O-O O-O 11.h4 Nxd4 12.Bxd4 b5 13.Bxc5 Nxc5 14.Qd4 Qc7 15.Rh3 Bb7
16.f5 exf5 17.Nxd5 Bxd5 18.Rc3 Bc4 19.Bxc4 Ne4 20.Bd5 Nxc3 21.bxc3 Rae8 22.Re1 Re7
23.h5 h6 24.Qf4 Qxc3 25.Re3 Qa1+ 26.Kd2 Rd8 27.Rd3 Rxe5 28.Bxf7+ Kxf7 29.Rxd8 Qe1+
30.Kd3 Qe2+ 31.Kc3 Rc5+  0-1

[Event "St Affrique op"]
[Site "St Affrique"]
[Date "1994.??.??"]
[Round "?"]
[White "Collas, Didier"]
[Black "Kosten, Anthony C"]
[Result "0-1"]
[WhiteElo "2400"]
[BlackElo "2510"]

1.e4 e6 2.d4 d5 3.Nc3 Nf6 4.e5 Nfd7 5.f4 c5 6.Nf3 Nc6 7.Be3 Qb6 8.Na4 Qa5+
9.c3 c4 10.b4 Qc7 11.h4 h5 12.Ng5 Ne7 13.Be2 Nf5 14.Bf2 g6 15.g4 hxg4 16.Bxg4 Bh6
17.Nb2 Nf8 18.a4 f6 19.Nh3 Bd7 20.Qf3 O-O-O 21.O-O-O fxe5 22.dxe5 Qxe5 23.Rhe1 Qc7
24.Ng5 Bg7 25.Bxf5 gxf5 26.Nf7 Bxa4 27.Nxd8 Bxd1 28.Nxd1 Kxd8 29.Ne3 Nd7
30.Nc2 Bh6 31.Rxe6 Qxf4+ 32.Qxf4 Bxf4+ 33.Kd1 Nb6 34.Nd4 Na4 35.Ne2 Bc7 36.Rf6 f4
37.Rf5 Ke7 38.Rxd5 f3 39.Rd4 fxe2+ 40.Kxe2 b5  0-1

[Event "St Ingbert op"]
[Site "St Ingbert"]
[Date "1994.??.??"]
[Round "4"]
[White "Schmaltz, Roland"]
[Black "Geyer, Thomas"]
[Result "1-0"]
[WhiteElo "2445"]
[BlackElo "2285"]

1.e4 e6 2.d4 d5 3.Nc3 Nf6 4.e5 Nfd7 5.f4 c5 6.Nf3 Nc6 7.Be3 Qb6 8.Na4 Qa5+
9.c3 cxd4 10.b4 Nxb4 11.cxb4 Bxb4+ 12.Bd2 Bxd2+ 13.Nxd2 b6 14.Rb1 Ba6 15.Bxa6 Qxa6
16.Nb2 g5 17.Nf3 gxf4 18.Nd3 Nc5 19.Nb4 Qc4 20.Qxd4 Qxd4 21.Nxd4 a5 22.Nbc6 Ra6
23.O-O Kd7 24.Rxf4 Rf8 25.Rbf1 f5 26.exf6 b5 27.Ne5+ Kd6 28.Ndf3 Ne4 29.f7 b4
30.Rh4 Ra7 31.Rxh7 a4 32.Nh4 Ng5 33.Rg7 Kxe5 34.Ng6+ Kd6  1-0

[Event "St Petersburg op"]
[Site "St Petersburg"]
[Date "1994.??.??"]
[Round "2"]
[White "Chuprov, A."]
[Black "Gleizerov, Evgeny"]
[Result "1-0"]
[WhiteElo "2410"]
[BlackElo "2535"]

1.e4 e6 2.d4 d5 3.Nc3 Nf6 4.e5 Nfd7 5.f4 c5 6.Nf3 Nc6 7.Be3 a6 8.Qd2 b5 9.Bd3 b4
10.Nd1 Qb6 11.Qf2 cxd4 12.Nxd4 Bc5 13.Nf3 Bb7 14.O-O f5 15.exf6 gxf6 16.Re1 d4
17.Bd2 Ne7 18.Qe2 Nf8 19.Nf2 f5 20.Ng5 Rg8 21.Qh5+ Rg6 22.a3 bxa3 23.bxa3 O-O-O
24.Kh1 h6 25.Nf3 Nd7 26.Qh3 Nf6 27.Rab1 Qc6 28.Rxb7 Qxb7 29.Nh4 Ng4 30.Nxg4 fxg4
31.Qg3 Rg7 32.Rxe6 Rd6 33.Qe1 Qb6 34.Rxe7 Rxe7 35.Qxe7 Re6 36.Qxe6+  1-0

[Event "SVK-ch (Women)"]
[Site "?"]
[Date "1994.??.??"]
[Round "4"]
[White "Macekova, Martina"]
[Black "Hagarova, Zuzana"]
[Result "0-1"]
[WhiteElo "2135"]
[BlackElo "2160"]

1.e4 e6 2.d4 d5 3.Nc3 Nf6 4.e5 Nfd7 5.f4 c5 6.Nf3 Nc6 7.Be3 a6 8.Qd2 b5 9.dxc5 Bxc5
10.Bxc5 Nxc5 11.Bd3 Qb6 12.Qf2 b4 13.Ne2 Rb8 14.Ned4 Nxd4 15.Qxd4 a5 16.O-O O-O
17.Rf2 Ba6 18.Bxa6 Nxa6 19.Qxb6 Rxb6 20.a3 Nc5 21.axb4 axb4 22.Nd4 Ne4 23.Re2 g6
24.c4 bxc3 25.bxc3 Nxc3 26.Rc2 Ne4 27.Rc7 Rfb8 28.g4 Rb1+ 29.Rxb1 Rxb1+ 30.Kg2 Rb2+
31.Kh3 Nf2+ 32.Kg3 Ne4+ 33.Kh3 Rd2 34.Nc6 Rf2 35.f5 gxf5 36.gxf5 exf5 37.Ne7+ Kg7
38.Nxd5 Kg6 39.Rc8 Ng5+ 40.Kg3 Ne4+ 41.Kh3 f4 42.Rh8 Kf5 43.Ne7+ Kxe5 44.Nc6+ Kf5  0-1

[Event "SVK-chT"]
[Site "?"]
[Date "1994.??.??"]
[Round "?"]
[White "Sturc, Gustav"]
[Black "Pekar, Karol"]
[Result "1-0"]
[WhiteElo "2170"]
[BlackElo "2160"]

1.e4 e6 2.d4 d5 3.Nc3 Nf6 4.e5 Nfd7 5.f4 c5 6.Nf3 Nc6 7.Be3 a6 8.a3 b5 9.Ne2 Bb7
10.c3 a5 11.dxc5 b4 12.Ned4 Bxc5 13.Bb5 Bxd4 14.Nxd4 Nxd4 15.Bxd4 bxc3 16.bxc3 Ba6
17.Rb1 Qc7 18.O-O O-O 19.Qe2 Bxb5 20.Rxb5 Rab8 21.Rfb1 Rxb5 22.Rxb5 Rb8 23.a4 g6
24.Qb2 Kg7 25.Rxb8 Nxb8 26.Qb6 Qxb6 27.Bxb6 Nc6 28.Kf2 f6 29.Bc7 Kf7 30.Ke3 f5
31.Bb6 Ke7 32.Kf3 Kf7 33.Kg3 Kg7 34.Kh4 h6 35.g4 fxg4 36.Kxg4 g5 37.fxg5 Nxe5+
38.Kh5 hxg5 39.Kxg5 Nc4 40.Bd8 e5 41.Kf5 Kf7 42.Bxa5 d4 43.cxd4 exd4 44.Be1 Ke7
45.h4 Ne3+ 46.Ke4 Ng2 47.Bb4+ Ke6 48.h5 d3 49.Bd2 Nh4 50.a5 Nf5 51.a6  1-0

[Event "SVK-chT"]
[Site "?"]
[Date "1994.??.??"]
[Round "10"]
[White "Betko, Lubomir"]
[Black "Lembak, Jurij"]
[Result "0-1"]
[WhiteElo "2130"]
[BlackElo "2265"]

1.e4 e6 2.d4 d5 3.Nc3 Nf6 4.e5 Nfd7 5.f4 c5 6.Nf3 Nc6 7.Be3 cxd4 8.Nxd4 Bc5
9.Qd2 Bxd4 10.Bxd4 Nxd4 11.Qxd4 Qb6 12.Qxb6 Nxb6 13.a4 Bd7 14.a5 Nc8 15.Bd3 Ne7
16.Nb5 Bxb5 17.Bxb5+ Kd8 18.a6 b6 19.c4 Rc8 20.O-O dxc4 21.Rac1 Nd5 22.Rxc4 Rxc4
23.Bxc4 Nc7 24.f5 b5 25.Bd3 Ke7 26.Rc1 Nd5 27.Bxb5 Rb8 28.Bc6 Rc8 29.Rc4 Nb6
30.Rc2 exf5 31.Ba4 Rxc2 32.Bxc2 Nc4 33.b4 Nxe5 34.b5 Nc4 35.Bxf5 g6 36.Bd3 Nb6
37.Kf2 Kd6 38.Kf3 Ke5 39.h4 h6 40.Bb1 Nd7 41.h5 g5 42.Ba2 f5 43.Ke3 Nb6 44.Bf7 f4+
45.Kf3 Kd4 46.Be8 Nc4 47.Kg4 Kc5 48.Bg6 Ne3+ 49.Kf3 Kxb5 50.g3 fxg3 51.Bd3+ Nc4
52.Kxg3 Kc5 53.Be2 Kd4 54.Kg4 Nd6 55.Bf1 Ke5 56.Be2 Ne4 57.Bf3 Nf6+ 58.Kg3 Kf5
59.Bd1 Ne4+ 60.Kf3 Nf6 61.Kg3 g4 62.Kh4 Kf4 63.Ba4 Nd5 64.Bc6 Ne3 65.Bb7 Nf5+  0-1

[Event "SVK-chT"]
[Site "?"]
[Date "1994.??.??"]
[Round "10"]
[White "Polko, Juraj"]
[Black "Tibensky, Robert"]
[Result "0-1"]
[WhiteElo "2275"]
[BlackElo "2425"]

1.d4 Nf6 2.Nc3 e6 3.e4 d5 4.e5 Nfd7 5.f4 c5 6.Nf3 Nc6 7.Ne2 cxd4 8.Nexd4 Bc5
9.c3 Qb6 10.b4 Nxd4 11.Nxd4 Be7 12.Be3 Qc7 13.Rc1 O-O 14.Bd3 Rd8 15.O-O Nf8
16.c4 dxc4 17.Rxc4 Qb8 18.Nb5 a6 19.Nd4 Bd7 20.Qb3 b5 21.Rc2 a5 22.Be4 Ra6
23.bxa5 Rxa5 24.Bf2 Ra4 25.Qf3 Ra3 26.Nb3 b4 27.Rd1 Ba4 28.Rxd8 Qxd8 29.Rd2 Qb8
30.g3 g6 31.Bc6 Qc8 32.Bxa4 Rxa4 33.Qd3 Qa8 34.Qc2 Ra3 35.Nc1 Rc3 36.Qd1 Qc8
37.Nb3 h5 38.Rd3 Qc4 39.Rxc3 bxc3 40.Qc2 Ba3 41.Bd4 Bb2 42.h4 Nd7 43.Qg2 Qa6
44.Qc2 Qc6 45.Qg2 Qa4 46.Qc2 Qc4 47.Qg2 Qd3 48.Kh2 Kg7 49.Qb7 Qc2+ 50.Qg2 Qb1
51.Nc5 c2 52.Bxb2 Nxc5  0-1

[Event "Szekszard op"]
[Site "Szekszard"]
[Date "1994.??.??"]
[Round "6"]
[White "Videki, Sandor"]
[Black "Gouliev, Namig"]
[Result "1-0"]
[WhiteElo "2435"]
[BlackElo "2370"]

1.e4 e6 2.d4 d5 3.Nc3 Nf6 4.e5 Nfd7 5.f4 c5 6.Nf3 Nc6 7.Be3 cxd4 8.Nxd4 Qb6
9.a3 Bc5 10.Na4 Qa5+ 11.c3 Bxd4 12.Bxd4 Nxd4 13.Qxd4 Nb8 14.Nc5 b6 15.Nb3 Nc6
16.Nxa5 Nxd4 17.O-O-O bxa5 18.Rxd4 Bd7 19.Be2 Ke7 20.h4 h5 21.Rh3 g6 22.c4 dxc4
23.Rc3 Bb5 24.Bxc4 Bxc4 25.Rdxc4 Rhd8 26.Rc7+ Rd7 27.R3c5 a4 28.Rc4 Rd8 29.Rxd7+ Rxd7
30.Rxa4 f6 31.Kc2 Kf7 32.exf6 Kxf6 33.Ra5 Rd4 34.g3 Re4 35.Kd2 Rd4+ 36.Ke3 Rd7
37.b4 Kf7 38.Ke4 Kf6 39.a4 Rb7 40.b5 Rc7 41.Ra6 Rb7 42.Kd4 Kf5 43.Kc5 Rg7
44.a5 Kg4 45.Rxa7 Rxa7 46.Kb6 Re7 47.a6 e5 48.fxe5 Kxg3 49.a7 Re8 50.Ka6 g5
51.b6 gxh4 52.b7 h3 53.b8=Q  1-0

[Event "Tastrup"]
[Site "Tastrup"]
[Date "1994.??.??"]
[Round "4"]
[White "Jorgensen, Per Henrik Dorff"]
[Black "Hoi, Carsten"]
[Result "1-0"]
[WhiteElo "2310"]
[BlackElo "2425"]

1.e4 e6 2.d4 d5 3.Nc3 Nf6 4.e5 Nfd7 5.f4 c5 6.Nf3 Nc6 7.Be3 cxd4 8.Nxd4 Bc5
9.Qd2 O-O 10.Be2 a6 11.O-O Nxd4 12.Bxd4 Qb6 13.Bxc5 Qxc5+ 14.Kh1 f5 15.exf6 Nxf6
16.Rad1 b5 17.Qd4 Qxd4 18.Rxd4 Rb8 19.Bf3 Bd7 20.Re1 b4 21.Ne2 Ne8 22.Nc1 Nd6
23.Nd3 Rbc8 24.Nxb4 a5 25.Nxd5 exd5 26.Rxd5 Rf6 27.Red1 Rc6 28.c4 Bf5 29.c5 Ne4
30.Kg1 Rc7 31.g4 Bg6 32.Rd8+ Kf7 33.f5 Nxc5 34.fxg6+ Kxg6 35.R8d6 Na4 36.Be4+ Kg5
37.Bxh7 Nxb2 38.R6d5+ Kxg4 39.Rb1 Nc4 40.Rc1 Rf4 41.Bd3 Kh4 42.Be2 g6 43.Rd8 Re4
44.Bd3 Rg4+ 45.Kh1 Rc6 46.h3 Kxh3 47.Be2 Re4 48.Rg1 Ne3 49.Bd3 Re5 50.Bxg6 Ng2
51.Rh8+ Nh4 52.Bd3 Rf6 53.Bf1+ Rxf1 54.Rxf1 Re2 55.Rc1 Re3 56.Rhc8 Re2 57.R1c3+ Kg4
58.R8c4+ Kg5 59.Rg3+ Kh5 60.Rh3 Re1+ 61.Kh2  1-0

[Event "Vantaa op"]
[Site "Vantaa"]
[Date "1994.??.??"]
[Round "?"]
[White "Shalnev, Nicolai"]
[Black "Birjukov, Sergei"]
[Result "1-0"]
[WhiteElo "2295"]
[BlackElo "2280"]

1.e4 e6 2.d4 d5 3.Nc3 Nf6 4.e5 Ne4 5.Bd3 Nxc3 6.bxc3 c5 7.Nf3 Nc6 8.O-O Bd7
9.Rb1 Qc7 10.Re1 h6 11.Ba3 Na5  1-0

[Event "LTU-ch  Vilnius"]
[Site "Vilnius"]
[Date "1994.??.??"]
[Round "3"]
[White "Slekys, Emilis"]
[Black "Kryzius, Kestutis"]
[Result "1-0"]
[WhiteElo "2380"]
[BlackElo "2055"]

1.d4 e6 2.e4 d5 3.Nc3 Nf6 4.e5 Nfd7 5.f4 c5 6.Nf3 Nc6 7.Be3 Qb6 8.Qd2 cxd4
9.Nxd4 Nxd4 10.Bxd4 Qc6 11.O-O-O g6 12.Kb1 b6 13.Bb5 Qb7 14.g4 a6 15.Be2 b5
16.Bf3 Nb6 17.Qf2 Rb8 18.h4 b4 19.Ne2 Nc4 20.Nc1 a5 21.h5 Rg8 22.hxg6 hxg6
23.Be2 a4 24.Bd3 Na5 25.Ba7 Ra8 26.Bc5 b3 27.cxb3 axb3 28.a3 Bd7 29.Bxf8 Rxf8
30.f5 gxf5 31.gxf5 Rc8 32.Ne2 Bb5 33.Nd4 Bxd3+ 34.Rxd3 Nc6 35.Nxc6 Rxc6 36.Qf3 Rb6
37.Rc1 Rc6 38.Rxc6 Qxc6 39.Rc3 Qa8 40.Rxb3 Kd7 41.Rb6 Qa5 42.Rd6+ Ke7 43.f6+ Ke8
44.Qb3  1-0

[Event "LTU-ch  Vilnius"]
[Site "Vilnius"]
[Date "1994.??.??"]
[Round "6"]
[White "Sulskis, Sarunas"]
[Black "Ruzele, Darius"]
[Result "0-1"]
[WhiteElo "2430"]
[BlackElo "2515"]

1.e4 e6 2.d4 d5 3.Nc3 Nf6 4.e5 Nfd7 5.f4 c5 6.Nf3 Nc6 7.Be3 cxd4 8.Nxd4 Qb6
9.Qd2 Qxb2 10.Rb1 Qa3 11.Bd3 a6 12.O-O Bb4 13.Rb3 Qa5 14.Kh1 Nc5 15.Rxb4 Nxb4
16.Ndb5 axb5 17.Bxc5 Nxd3 18.Qxd3 b6 19.Bd6 b4 20.Qg3 Ba6 21.Qg5 Ra7 22.Rb1 bxc3
23.Qxg7 Qxa2 24.Qxh8+ Kd7 25.Rg1 Qxc2 26.Qb8 Rb7 27.Qf8 Kc6 28.Qa8 Qd3 29.Ra1 d4
30.h3 c2 31.Kh2 Qd2 32.Ba3 Qxf4+ 33.Kh1 d3 34.Rc1 Qa4 35.Bd6 Kd5 36.Bc7 Kc4
37.Qd8 Kb3  0-1

[Event "Werfen op"]
[Site "Werfen"]
[Date "1994.??.??"]
[Round "?"]
[White "Kruppa, Yuri"]
[Black "Lempert, Igor"]
[Result "1/2-1/2"]
[WhiteElo "2545"]
[BlackElo "2510"]

1.e4 e6 2.d4 d5 3.Nc3 Nf6 4.e5 Nfd7 5.f4 c5 6.Nf3 Nc6 7.Be3 Qb6 8.Na4 Qa5+
9.c3 b6 10.Bd2 c4 11.b4 Qa6 12.Be2 Be7 13.Qc2 f6 14.Nb2 b5 15.O-O Nb6 16.exf6 Bxf6
17.Ne5 Ne7 18.a4 O-O 19.Bf3 Nf5 20.g3 Bxe5 21.fxe5 bxa4 22.Nxa4 Nxa4 23.Qxa4 Qxa4
24.Rxa4 a6 25.b5 Bb7 26.bxa6 Rxa6 27.Rxa6 Bxa6 28.Ra1 Bb5 29.Bd1 Rb8 30.g4 Ne7
31.h4 Be8 32.h5 h6 33.Bc1 Nc6 34.Kf2 Rb7 35.Ke1 Ra7 36.Rb1 Ra2 37.Rb6 Kf8
38.Rb7 Kg8 39.Bd2 Kf8 40.Bc1 Kg8 41.Bb2 Ra7 42.Rb6 Kf8 43.Bc2 Ke7 44.Bc1 Kd7
45.Kd1 Kc7 46.Rb1 Ra2 47.Rb2 Ra1 48.Rb1 Ra2  1/2-1/2

[Event "Zalakaros op"]
[Site "Zalakaros"]
[Date "1994.??.??"]
[Round "7"]
[White "Saidov, Beqali"]
[Black "Szittar, Antal"]
[Result "1/2-1/2"]
[WhiteElo "2210"]
[BlackElo "2210"]

1.e4 e6 2.d4 d5 3.Nc3 Nf6 4.e5 Nfd7 5.f4 c5 6.Nf3 Nc6 7.Be3 Be7 8.Be2 cxd4
9.Nxd4 Nxd4 10.Bxd4 Nb8 11.O-O Nc6 12.Kh1 Nxd4 13.Qxd4 O-O 14.Bd3 f5 15.Rad1 Bd7
16.Qf2 Bb4 17.Ne2 Rc8 18.c3 Bc5 19.Qf3 Rf7 20.Nd4 Qb6 21.Rf2 Bxd4 22.cxd4 Bb5
23.Rc2 Rxc2 24.Bxc2 Qc6 25.Rd2 Rc7 26.h3 Qc4 27.Bb3 Qc1+ 28.Qd1 Kf7 29.Kh2 g6
30.Qxc1 Rxc1 31.Rc2 Rxc2 32.Bxc2 h6 33.g4 Bd7 34.Kg3 g5 35.h4 gxf4+ 36.Kxf4 fxg4
37.Kxg4 Kg7 38.Kf4 Be8 39.Bd1 Bg6 40.Ba4 Bh5 41.Bd7 Kf7 42.Ke3 Ke7 43.Bc8 b6
44.Kd3 Bg4 45.Ke3 Bh5 46.Ba6 Kf7 47.Bd3 Bg6 48.Be2 Bf5 49.h5 Ke7 50.Kd2 a5
51.Kc3 Kd7 52.Kb3 Kc6 53.Ka4 Bc2+ 54.b3 Bf5 55.Bb5+ Kc7 56.a3 Kd8 57.Be2 Kc7
58.Kb5 Bc2 59.b4 axb4 60.Kxb4 Bf5 61.a4 Bh3 62.a5 bxa5+ 63.Kxa5 Bf5  1/2-1/2

[Event "Ibercaja op"]
[Site "Zaragoza"]
[Date "1994.??.??"]
[Round "5"]
[White "De la Riva Aguado, Oscar"]
[Black "Cisneros, Lucas"]
[Result "1-0"]
[WhiteElo "2405"]
[BlackElo "2325"]

1.e4 e6 2.d4 d5 3.Nc3 Nf6 4.e5 Nfd7 5.f4 c5 6.Nf3 Nc6 7.Be3 a6 8.Qd2 cxd4
9.Nxd4 Nxd4 10.Bxd4 Nb8 11.Qf2 Nc6 12.Bb6 Qe7 13.O-O-O f6 14.Rxd5 fxe5 15.Rd2 Qb4
16.g3 Nd4 17.Bxd4 exd4 18.Qxd4 Qxd4 19.Rxd4 Bc5 20.Rd1 Bd7 21.Bh3 O-O-O 22.Rhe1 Rhe8
23.Ne4 Be7 24.Nd6+ Bxd6 25.Rxd6 Kc7 26.Rd3 Re7 27.Rc3+ Kb8 28.Rce3 Rde8 29.c4 Kc7
30.b4 Kd6 31.Kb2 g6 32.Re5 Kc7 33.Kb3 Kd6 34.a4 Kc7 35.a5 Kb8 36.R1e3 Kc7
37.b5 axb5 38.cxb5 Bc8 39.Kb4 Kb8 40.b6 Bd7 41.Bf1 Bc6 42.Bc4 Bd7 43.h4 Bc8
44.g4 Rd8 45.f5 gxf5 46.gxf5 Rd1 47.fxe6 Rb1+ 48.Kc5  1-0

[Event "London SCCU op"]
[Site "London"]
[Date "1995.08.??"]
[Round "6"]
[White "Szabo, Peter"]
[Black "Chowdhuri, Adway"]
[Result "0-1"]
[WhiteElo "1672"]
[BlackElo "1688"]

1.e4 e6 2.d4 d5 3.Nc3 Nf6 4.e5 Nfd7 5.f4 c5 6.Nf3 Nc6 7.Ne2 Be7 8.c3 O-O
9.Be3 cxd4 10.Nexd4 Nxd4 11.cxd4 Nb6 12.b3 Bd7 13.Bd3 Rc8 14.Bd2 f6 15.O-O f5
16.Qe1 Qe8 17.a4 Bc6 18.Bb4 Bxb4 19.Qxb4 h6 20.a5 Nd7 21.Rfc1 Rf7 22.Rc2 Nb8
23.Rac1 Rfc7 24.Qd6 Rd7 25.Qc5 a6 26.b4 Rdc7 27.Bf1 Qd8 28.Qc3 Ba4 29.Qxc7 Rxc7
30.Rxc7 Bc6 31.R7xc6 Nxc6 32.b5 axb5 33.a6 Qb6 34.axb7 Qxb7 35.Rc5 b4 36.Bb5 Na7
37.Ba4 b3 38.Bxb3 Qxb3 39.Rc7 Nb5 40.Re7 Qd1+ 41.Kf2 Nxd4  0-1

[Event "Algarve"]
[Site "Algarve"]
[Date "1995.??.??"]
[Round "6"]
[White "Ribeiro, Fernando"]
[Black "Hmadi, Slaheddine"]
[Result "1/2-1/2"]
[WhiteElo "2240"]
[BlackElo "2350"]

1.e4 e6 2.d4 d5 3.Nc3 Nf6 4.e5 Nfd7 5.f4 c5 6.Nf3 Nc6 7.Be3 Qb6 8.Na4 Qa5+
9.c3 b6 10.Bd2 c4 11.b4 Nxb4 12.cxb4 Bxb4 13.Qc2 Bxd2+ 14.Nxd2 b5 15.Nc3 O-O
16.Be2 b4 17.Nd1 f6 18.exf6 Nxf6 19.O-O Qb6 20.Nf3 Ne4 21.g3 e5 22.Bxc4 Bb7
23.Bb3 Kh8 24.Nxe5 Qxd4+ 25.Nf2 Nc3 26.Qd3 Qb6 27.Nd7 Qc6 28.Nxf8 Rxf8 29.Bc2 Qh6
30.Ng4 Qh5 31.Rf2 Ne4 32.Bd1 d4 33.Bf3 Nxf2 34.Kxf2 Bxf3 35.Qxf3 Qc5 36.Re1 Rc8
37.Ne5 d3+ 38.Kg2 Qc2+ 39.Kh3 d2 40.Nf7+ Kg8 41.Qd5 Qf5+ 42.Qxf5 dxe1=Q 43.Ng5 Qf1+
44.Kh4 Qc4 45.Qxh7+ Kf8 46.Qf5+ Kg8 47.Qh7+ Kf8 48.Qf5+  1/2-1/2

[Event "Donner mem op"]
[Site "Amsterdam"]
[Date "1995.??.??"]
[Round "7"]
[White "Nijboer, Friso"]
[Black "Vedder, Henk"]
[Result "1-0"]
[WhiteElo "2485"]
[BlackElo "2380"]

1.e4 e6 2.d4 d5 3.Nc3 Nf6 4.e5 Nfd7 5.f4 c5 6.Nf3 Nc6 7.Be3 cxd4 8.Nxd4 Bc5
9.Qd2 a6 10.O-O-O Bxd4 11.Bxd4 b5 12.Bf2 O-O 13.Bd3 b4 14.Na4 a5 15.Qe2 Qe7
16.h4 f6 17.exf6 Qxf6 18.Kb1 e5 19.Rhf1 e4 20.Bb5 Ne7 21.c4 bxc3 22.Nxc3 Nb6
23.g4 Rb8 24.Bd4 Qf7 25.f5 Nc4 26.f6 Rxb5 27.Nxb5 gxf6 28.Rxf6 Qe8 29.Rxf8+ Qxf8
30.b3  1-0

[Event "Donner mem op"]
[Site "Amsterdam"]
[Date "1995.??.??"]
[Round "11"]
[White "Van den Doel, Erik"]
[Black "Vedder, Henk"]
[Result "1-0"]
[WhiteElo "2305"]
[BlackElo "2380"]

1.e4 e6 2.d4 d5 3.Nc3 Nf6 4.e5 Nfd7 5.f4 c5 6.Nf3 Nc6 7.Be3 Qb6 8.Na4 Qa5+
9.c3 b6 10.Bd2 c4 11.b4 Qa6 12.a3 b5 13.Nc5 Qb6 14.Be2 a5 15.O-O Nxc5 16.bxc5 Qb7
17.Rb1 Bd7 18.Rb2 Be7 19.Qb1 Rb8 20.Bd1 h5 21.Bc2 g6 22.Bxg6 fxg6 23.Qxg6+ Kd8
24.f5 Kc7 25.f6 Bf8 26.Ng5 Qa6 27.Nh7 b4 28.Nxf8 Rbxf8 29.Bh6 bxc3 30.Rb6 Qa8
31.Bxf8 Qxf8 32.Qb1 Qa8 33.Rf4 a4 34.Qc2 Qa5 35.Rb1 Rf8 36.Qh7 Nd8 37.Qe7 Nb7
38.Qxf8 c2 39.Rc1 Qd2 40.Rff1  1-0

[Event "ARG-Cup"]
[Site "?"]
[Date "1995.??.??"]
[Round "2"]
[White "Juarez, Carlos Eleodoro"]
[Black "Roca, Alfredo"]
[Result "0-1"]
[WhiteElo "2215"]
[BlackElo "2380"]

1.e4 e6 2.d4 d5 3.Nc3 Nf6 4.e5 Nfd7 5.f4 c5 6.Nf3 Nc6 7.a3 cxd4 8.Nb5 Nc5
9.Nbxd4 Be7 10.b4 Ne4 11.Bd3 O-O 12.Qe2 a5 13.Nxc6 bxc6 14.Nd4 axb4 15.Nxc6 Qc7
16.Nxe7+ Qxe7 17.a4 Qc5 18.Bb2 Bd7 19.a5 Rfc8 20.a6 b3 21.cxb3 Qb4+ 22.Kf1 Nd2+
23.Kg1 Nxb3 24.Kf2 Nxa1  0-1

[Event "Arhus Sommer"]
[Site "Arhus"]
[Date "1995.??.??"]
[Round "5"]
[White "Hoiberg, Nina"]
[Black "Pedersen, Jan"]
[Result "1/2-1/2"]
[WhiteElo "2260"]
[BlackElo "2340"]

1.e4 e6 2.d4 d5 3.Nc3 Nf6 4.e5 Nfd7 5.f4 c5 6.Nf3 Nc6 7.Be3 cxd4 8.Nxd4 Nxd4
9.Bxd4 Nb8 10.Bd3 Nc6 11.Bf2 Be7  1/2-1/2

[Event "Donau op"]
[Site "Aschach"]
[Date "1995.??.??"]
[Round "2"]
[White "Ciolac, Gheorghe"]
[Black "Mittermayr, Gerhard"]
[Result "1-0"]
[WhiteElo "2395"]
[BlackElo "2210"]

1.e4 e6 2.d4 d5 3.Nc3 Nf6 4.e5 Nfd7 5.f4 c5 6.Nf3 Nc6 7.Ne2 Be7 8.g3 O-O
9.Bh3 cxd4 10.Nexd4 Nc5 11.O-O f5 12.Be3 Ne4 13.Qe2 Qe8 14.Rad1 Kh8 15.Bg2 Bd7
16.c4 dxc4 17.Qxc4 Rc8 18.Qe2 Nb4 19.Nd2 Nc2 20.Nxe4 Nxd4 21.Rxd4 Bb5 22.Qd2 fxe4
23.Rd1 Bc5 24.Rxe4 Bc6 25.Bxc5 Bxe4 26.Bxf8 Rc2 27.Bxg7+ Kg8 28.Bxe4 Rxd2
29.Rxd2 Kxg7 30.Bxb7 Qb5 31.Bg2 Qa5 32.Re2 Qxa2 33.Bf3 h6 34.Kg2 a5 35.Be4 a4
36.Bf3 Qc4 37.h4 Qd4 38.Rf2 Qb4 39.Re2 Qd4 40.Rc2 Qb6 41.Rd2 Kf7 42.Rd7+ Kf8
43.Rd2 Ke7 44.Re2 Qd4 45.Kh2 Qd3 46.Bg4 Qg6 47.Bh3 Qd3 48.Bg4 Qg6 49.Bh3 Qd3
50.Rf2 Qe3 51.Rc2 Qd3 52.Rc7+ Kd8 53.Ra7 Qb5 54.Bg2 Qb4 55.Rb7 Qd4 56.Kh3 Ke8
57.Bc6+ Kf8 58.Rb8+ Kg7 59.Ra8 Qc4 60.Bg2 Qd4 61.Ra6  1-0

[Event "Juan Fontclara mem"]
[Site "Asuncion"]
[Date "1995.??.??"]
[Round "5"]
[White "Santacruz, Cesar S"]
[Black "Sieiro Gonzalez, Luis"]
[Result "0-1"]
[WhiteElo "2320"]
[BlackElo "2385"]

1.e4 e6 2.d4 d5 3.Nc3 Nf6 4.e5 Nfd7 5.f4 c5 6.Nf3 Nc6 7.Be3 cxd4 8.Nxd4 Qb6
9.Qd2 Qxb2 10.Rb1 Qa3 11.Bd3 Bb4 12.Rb3 Qa5 13.a3 Nxd4 14.Bxd4 Bc5 15.Nb5 Qxd2+
16.Kxd2 Bxd4 17.Nxd4 Nc5 18.Rb2 Bd7 19.Rf1 g6 20.g4 h5 21.g5 Ke7 22.Rfb1 Rhc8
23.h4 Rc7 24.c3 b6 25.Rb4 Nb7 26.Rc1 Na5 27.Ba6 Rd8 28.Rbb1 Rc5 29.Bd3 Ba4
30.Rb4 Bd7 31.Rbb1 Rc7 32.Ba6 Bc6 33.Bd3 Nb7 34.Rb4 Nc5 35.Bc2 Kd7 36.Bd3 Kc8
37.Bc2 Kb7 38.Bd3 Be8 39.Bc2 Rb8 40.Bd3 a6 41.Ke3 b5 42.Rbb1 Ka7 43.Bc2 Nb7
44.Bb3 Rbc8 45.Kd2 Na5 46.Ba2 Kb6 47.a4 Kc5 48.axb5 Bxb5 49.Rb4 Nc6 50.Nxc6 Rxc6
51.Rcb1 Rb6 52.c4 dxc4 53.Bxc4 Rd8+ 54.Kc3 Rd4 55.Bxb5 Rxb4 56.Rxb4 axb5
57.Re4 Ra6 58.Re1 Ra3+ 59.Kb2 Rf3 60.Re4 Rh3 61.f5 gxf5  0-1